La Representatividad y los partidos políticos /
Gardado en:
| Autor Principal: | |
|---|---|
| Formato: | Texto |
| Materias: | |
| Etiquetas: |
Engadir etiqueta
Sen Etiquetas, Sexa o primeiro en etiquetar este rexistro!
|
MARC
| LEADER | 00000 a a2200000 04500 | ||
|---|---|---|---|
| 001 | 3789 | ||
| 003 | |||
| 040 | |||
| 100 | |a Loñ, Félix R. | ||
| 245 | |a La Representatividad y los partidos políticos / |c Félix R. Loñ | ||
| 650 | |a POLITICA | ||
| 650 | |a PARTIDOS POLITICOS | ||
| 650 | |a PARTICIPACION POLITICA | ||
| 650 | |a DEMOCRACIA | ||
| 773 | |g volumen 15, número 1 (57); páginas 53-78 | ||
| 999 | |c 29867 |d 29867 | ||
